00284nam a2200109Ia 4500008004100000020001800041100001500059245005200074250000800126260002600134300001400160171211s9999 xx 000 0 und d a9780815345121 aGeha, Raif aCase Studies in Immunology a clinical companion aVII bGarland Sciencec2016 a359 pages